LEADER 01104nam a2200241 4500 001 000000355354 003 CaOOAMICUS 005 20231002160119.0 008 230911s2015 it a 000 u ita r 020 $a978-88-86916-28-8 040 $aSeMil$bita 100 1 $aGarbellini, Gianluigi.$0(OLS)http://semarc/name/118259 245 13$aLa Madonna di Tirano :$bil monumentale organo secentesco /$cGianluigi Garbellini. 264 1$aSondrio :$bCooperativa editoriale Quaderni Valtellinesi,$c2015. 300 $a79 p. :$bill. ;$c24 cm 650 4$aTirano - Santuario della Madonna di Tirano.$0(OLS)http://semarc/subject/40150 850 $aSeMil 852 $aSeMil$W1$xVenegono$y1$m5E VI 49$j244521$B246621$CSeMilBibl$Z2$F246621 $81 961 $aBrambilla don Paolo - Omaggio 996 $6020$a978-88-86916-28-8$9(OLS)http://semarc/number/298865 996 $6245$aLa Madonna di Tirano :$bil monumentale organo secentesco$9(OLS)http://semarc/title/445545 996 $6264$aSondrio :$bCooperativa editoriale Quaderni Valtellinesi$9(OLS)http://semarc/publisher/44907 LEADER 00732nam a2200193 i 4500 001 000000121095 003 CaOOAMICUS 005 20031209000000.0 008 031209s2003 it u000 u ita u 013 $a93789 040 $aSeMil$bita 245 10$aVia - Zwijsen ; Appendice - Indici. 300 $aXXV p., 1960 col., [6] c. di tav. :$btabelle. 500 $aIn Appendice : Sanctimoniales ; Statistiche. 773 0 $tDizionario degli Istituti di perfezione.$dRoma : Paoline, 1974-2003.$g10$w()1554 850 $aSeMil 852 $aSeMil$W1$xVenegono$y1$mSL1.Q VI 43$j76203$B76203$CSeMilBibl$Z2$F77682 $8I 961 $aSottoscrizione: Casa editrice 996 $6245$aVia - Zwijsen ; Appendice - Indici$9(OLS)http://semarc/title/178257